000 00474nam a2200145 a 4500
001 000030351
005 20200930062252.0
008 110510s1984 dr 000 0 spa d
040 _aDO-SdBNP
_bspa
_cBNPHU
082 _axxxx
_bI59m
110 1 _aRepública Dominicana.
_bInstituto Nacional de Formación Técnico Profesional
_954362
245 1 0 _aManual de barman.
260 _aSanto Domingo :
_bInstituto Nacional de Formación Técnico Profesional,
_c1984.
049 _aBNPD
999 _c29843
_d29843